| 000 | 00849nam a2200253 i 4500 | ||
|---|---|---|---|
| 001 | bg | ||
| 003 | KOSZ 005 | ||
| 005 | 20211014135503.0 | ||
| 008 | 170617s1968 pl a f 000 0 pol d | ||
| 040 |
_cKOSZ 005/RW _bKOSZ 005/RW |
||
| 080 | _a662.1/.4 | ||
| 080 | _a621.792 | ||
| 100 | 1 |
_aBabul, Wiktor _eAutor |
|
| 245 | 0 |
_aNiektóre problemy łączenia wybuchowego / _cWiktor Babul. |
|
| 260 |
_aWarszawa : _bWydawnictwo Instytutu Mechaniki Precyzyjnej, _c1968. |
||
| 300 |
_a156 s. : _bil. ; _c18 cm. |
||
| 380 | _aKsiążki | ||
| 504 | _aBibliogr. s. [145]-152. | ||
| 650 | 4 | _aWybuch | |
| 650 | 4 | _aMateriały wybuchowe | |
| 710 | 2 |
_aInstytutu Mechaniki Precyzyjnej. _bWydawnictwo. _4pbl. |
|
| 856 |
_uhttp://koha.tu.koszalin.pl/cgi-bin/koha/opac-detail.pl?biblionumber=7969 _yKatalog online BPK |
||
| 942 |
_cKS _2UKD |
||
| 999 |
_c7969 _d7969 |
||